Savoie ou Haute-Savoie ? - Statistiques

Statistiques générales
  • Ce quiz a été pris 400 fois
    398 depuis la dernière actualisation
  • Le résultat moyen est 28 sur 40
Statistiques - réponses
Hint Réponse % Correct
Porte le numéro 74 Haute-Savoie
96%
Porte le numéro 73 Savoie
96%
A pour préfecture Annecy Haute-Savoie
95%
Ses sous-préfectures sont Bonneville, Saint-Julien-en-Genevois et Thonon-les-Bains Haute-Savoie
93%
Le lac du Bourget s'y trouve Savoie
93%
C'est le département d'Aix-les-Bains Savoie
93%
A pour préfecture Chambéry Savoie
93%
Ses sous-préfectures sont Albertville et Saint-Jean-de-Maurienne Savoie
91%
Cluses s'y trouve Haute-Savoie
89%
Il culmine à 4807 mètres Haute-Savoie
88%
On peut s'y promener dans le parc de la Vanoise Savoie
88%
Il culmine à 3855 mètres Savoie
86%
Le Chablais est une région de ce département Haute-Savoie
84%
Des jeux olympiques s'y sont déroulés en 1992 Savoie
82%
On peut y visiter un musée de l'horlogerie Haute-Savoie
76%
Le col du Galibier s'y trouve en partie Savoie
75%
S'y déroulait un festival du film fantastique Haute-Savoie
73%
On peut y voir le Palais de l'île Haute-Savoie
73%
Sa préfecture est jumelée avec Turin Savoie
70%
C'est le département natal de Mercotte Savoie
69%
Compte 835 206 d'habitants en 2020 Haute-Savoie
68%
On peut y visiter le musée de l'ours des cavernes Savoie
68%
Le château de Thorens s'y visite Haute-Savoie
65%
On peut y visiter un théâtre des années 30 appelé Gérard Philippe Savoie
65%
Le festival de la Biolle en or s'y déroule en septembre Savoie
61%
En 2022, il a connu 2209 heures d'ensoleillement Savoie
60%
Sa superficie est de 4388 km2 Haute-Savoie
58%
Compte 439 750 habitants en 2020 Savoie
58%
En 2022, il a connu 2236 heures d'ensoleillement Haute-Savoie
57%
Véronique Jannot y est née Haute-Savoie
57%
Il a vu naître Jean-Luc Crétier Savoie
57%
Tessa Worley y est née Haute-Savoie
56%
C'est le département natal de Damien Thevenot Haute-Savoie
54%
Sa superficie est de 6028 km2 Savoie
54%
Sa préfecture était surnommée la Rome des Alpes Haute-Savoie
53%
Des jeux olympiques s'y sont déroulés en 1924 Haute-Savoie
53%
Le festival Guitare en scène s'y déroule en juillet Haute-Savoie
53%
Sa préfecture est jumelée avec Bayreuth Haute-Savoie
52%
La cycliste Jeannie Longo y est née Haute-Savoie
48%
L'animateur Karl Zéro y est né Savoie
48%
Aucun quiz correspondant
Distribution des résultats
% des personnes avec chaque résultat
Percentile par nombre de réponses
Votre historique - résultats
Vous n’avez pas pris ce quiz depuis la dernière actualisation